| 000 | 00917nam0a2200277 4500 | ||
|---|---|---|---|
| 001 | RU\NLR\bibl\467474 | ||
| 005 | 20260406071815.0 | ||
| 010 |
_a5-699-03384-X _930100 |
||
| 021 |
_aRU _b2003-56953 _92784 |
||
| 035 | _a(NLR Aleph) 000460809 | ||
| 090 |
_a932686 _c932686 |
||
| 100 | _a20031202d2003 |||y0rusy50 ca | ||
| 101 | 1 |
_arus _ceng |
|
| 102 | _aRU | ||
| 105 | _ay ||||||||| | ||
| 200 | 1 |
_aАртемис Фаул _e[Интеллект против волшебства _eФантаст. роман _eПер. с англ.] _fЙон Колфер |
|
| 210 |
_aМ. _cЭксмо _aСПб. _cДомино _d2003 |
||
| 215 |
_a413,[2] с. _d21 |
||
| 686 | _aШ9(4И)62-4 | ||
| 700 | 1 |
_4070 _8rus _7ca _aКолфер _bЙ. _f1965- _gЙон _3RU\NLR\auth\7728877 _911906 |
|
| 801 | 0 |
_aRU _bNLR _c20031202 _gPSBO |
|
| 801 | 1 |
_aRU _bNLR _c20031202 |
|
| 942 | _cBOOK | ||
| 980 | _aNB | ||